| Tag |
First Indicator |
Second Indicator |
Subfields |
| LEADER |
00000cam a2200000La 4500 |
| 001 |
in00001755021 |
| 005 |
20220105110356.0 |
| 006 |
m u |
| 007 |
cr cn--------- |
| 008 |
010619s1999 enk sb 001 0 eng d |
| 020 |
|
|
|a 0511002130 (electronic bk.)
|
| 035 |
|
|
|a (OCoLC)ocm48139481
|
| 040 |
|
|
|a N$T
|c N$T
|d OCLCQ
|d UtOrBLW
|
| 043 |
|
|
|a e-uk---
|
| 049 |
|
|
|a IICA
|
| 050 |
1 |
4 |
|a DA208
|b .C54 1999eb
|
| 082 |
0 |
4 |
|a 942.03/3/088355
|2 21
|
| 100 |
1 |
|
|a Church, S. D.
|0 http://id.loc.gov/authorities/names/n98102121
|
| 245 |
1 |
4 |
|a The household knights of King John /
|c S.D. Church.
|
| 264 |
|
1 |
|a Cambridge ;
|a New York :
|b Cambridge University Press,
|c 1999.
|
| 300 |
|
|
|a xix, 177 pages ;
|c 23 cm.
|
| 336 |
|
|
|a text
|b txt
|2 rdacontent
|
| 337 |
|
|
|a computer
|b c
|2 rdamedia
|
| 338 |
|
|
|a online resource
|b cr
|2 rdacarrier
|
| 490 |
1 |
|
|a Cambridge studies in medieval life and thought
|
| 504 |
|
|
|a Includes bibliographical references (pages 156-167) and index.
|
| 533 |
|
|
|a Electronic reproduction.
|b Boulder, Colo. :
|c NetLibrary,
|d 2001.
|n Available via World Wide Web.
|n Access may be limited to NetLibrary affiliated libraries.
|
| 500 |
|
|
|a Electronic resource.
|
| 651 |
|
0 |
|a Great Britain
|x History
|y John, 1199-1216.
|0 http://id.loc.gov/authorities/subjects/sh85056751
|
| 650 |
|
0 |
|a Knights and knighthood
|z Great Britain
|x History
|y To 1500.
|
| 650 |
|
0 |
|a Royal households
|z Great Britain
|x History
|y To 1500.
|
| 651 |
|
0 |
|a Great Britain
|x History, Military
|y 1066-1485.
|0 http://id.loc.gov/authorities/subjects/sh85056836
|
| 655 |
|
7 |
|a Electronic books.
|2 local
|
| 710 |
2 |
|
|a NetLibrary, Inc.
|0 http://id.loc.gov/authorities/names/no99080690
|
| 776 |
1 |
|
|c Original
|z 0521553199
|w (DLC) 98043694
|w (OCoLC)40359307
|
| 830 |
|
0 |
|a Cambridge studies in medieval life and thought.
|0 http://id.loc.gov/authorities/names/n84743233
|
| 856 |
4 |
1 |
|u https://proxy.library.tamu.edu/login?url=http://www.netLibrary.com/urlapi.asp?action=summary&v=1&bookid=54488
|z Connect to the full text of this electronic book
|t 0
|
| 994 |
|
|
|a X0
|b IIC
|
| 999 |
|
|
|a MARS
|
| 999 |
f |
f |
|s 06b14bcb-57a1-35fa-a4f2-90fb828b0ee6
|i c13637ad-9224-38fa-b087-55a48ba02822
|t 0
|
| 952 |
f |
f |
|a Texas A&M University
|b College Station
|c Electronic Resources
|d Available Online
|t 0
|e DA208 .C54 1999eb
|h Library of Congress classification
|
| 998 |
f |
f |
|a DA208 .C54 1999eb
|t 0
|l Available Online
|